| 000 | 00392nam a22001577a 4500 | ||
|---|---|---|---|
| 003 | SGT | ||
| 020 | _a9789350140840 | ||
| 082 |
_a658.15 _bSRI |
||
| 100 | _aSRIVASTAVA,SMRITI | ||
| 245 | _aENGINEERING ECONOMICS | ||
| 260 |
_aNEW DELHI _bS.K.KATARIA & SONS _c2010 |
||
| 300 | _a234 | ||
| 650 | _aENGINEERING ECONOMICS | ||
| 653 | _aINDIAN ECONOMICS,PRODUCTION, SUPPLY,MARKET | ||
| 942 |
_2ddc _cBK |
||
| 999 |
_c8207 _d8207 |
||